000 00741nam a2200181Ia 4500
008 090630s9999 xx 000 0 und d
082 _b25273
100 _aबर्वे राजेंद्र.
245 _aमानसिक ताणतणाव कसा रोखाल ?.
_cबर्वे राजेंद्र.
260 _bमनोविकास - मुंबई.
_c2004
300 _a112
600 _aबर्वे राजेंद्र.
630 _aमानसिक ताणतणाव कसा रोखाल ?.
655 _aइतर.
700 _aबर्वे राजेंद्र.
730 _aमानसिक ताणतणाव कसा रोखाल ?.
942 _cBOOK
999 _c277129
_d277129